| 000 | 00383nam a22001577a 4500 | ||
|---|---|---|---|
| 003 | SGT | ||
| 020 | _a9780702085253 | ||
| 082 |
_a616.89 _bS23O |
||
| 100 | _aOYEBODE, FEMI | ||
| 245 | _aSIMS ' SYMPTOMS IN THE MIND TB. OF DISCREPTIVE PSYCHOPATHOLOGY | ||
| 250 | _a7TH | ||
| 260 |
_aINDIA _bELSEVIER PUB _c2023 |
||
| 300 | _a369 | ||
| 650 | _aCLINICAL PSYCHOLOGY | ||
| 942 |
_2ddc _cBK |
||
| 999 |
_c26860 _d26860 |
||